Sports Quiz

Random Sports or NCAA Quiz

Closest NCAA FBS Team to NFL Teams Quiz Stats

 Plays Quiz Updated Feb 6, 2017

Challenge
Share
Tweet
Embed
Score 0/32 Timer 05:00
2 Plays Today
NFL team NCAA FBS football team % Correct
DolphinsMiami
95.8%
SeahawksWashington
89.3%
CardinalsArizona State
89.1%
BroncosColorado
87.6%
SteelersPittsburgh
86%
PackersWisconsin
83.7%
ChargersUSC
82.2%
RamsUSC
78.3%
Vikings Minnesota
78%
JaguarsFlorida
76.7%
RedskinsMaryland
76.3%
ColtsIndiana
75.3%
Bengals Cincinnati
72.7%
RaidersCalifornia
71.7%
BillsBuffalo
69.3%
FalconsGeorgia State
68.5%
NFL team NCAA FBS football team % Correct
ChiefsKansas
67.5%
PatriotsBoston College
66.5%
GiantsRutgers
64.4%
JetsRutgers
64.4%
BearsNorthwestern
63.1%
49ersSan Jose State
62.9%
SaintsTulane
58.2%
BuccaneersSouth Florida
56%
EaglesTemple
52.5%
CowboysTCU
50.9%
TitansVanderbilt
50.8%
TexansRice
47.3%
LionsEastern Michigan
43.5%
BrownsAkron
41.8%
Panthers Charlotte
39.6%
RavensNavy
34.4%

You're not logged in!

Compare scores with friends on all Sporcle quizzes.
Join for Free
OR
Log In

You Might Also Like...

Show Comments

Extras

Top Quizzes Today


Score Distribution

Your Account Isn't Verified!

In order to create a playlist on Sporcle, you need to verify the email address you used during registration. Go to your Sporcle Settings to finish the process.

Report this User

Report this user for behavior that violates our Community Guidelines.

Details: